| 000 | 00321nam a22001337a 4500 | ||
|---|---|---|---|
| 020 | _qHB. | ||
| 040 | _cFIZZA ISHAQ | ||
| 082 |
_a747.79 _bANN |
||
| 100 |
_aYUDINE,ANNA. _990683 |
||
| 245 |
_aHOME WORK DESIGN SOLUTIONS FOR WORKING / _cANNA YUDINA. |
||
| 260 |
_aLONDON ; _c2018. |
||
| 300 | _a220 P. ; | ||
| 942 |
_2ddc _cBK |
||
| 999 |
_c588890 _d588890 |
||